[Event "Young Stars of the World"]
[Site "Kirishi RUS"]
[Date "2005.05.14"]
[Round "1"]
[White "Alekseev,Evgeny"]
[Black "Khairullin,I"]
[Result "1/2-1/2"]
[WhiteElo "2597"]
[BlackElo "2517"]
[EventDate "2005.05.14"]

1. e4 c5 2. Nf3 e6 3. d4 cxd4 4. Nxd4 Nf6 5. Nc3 Nc6 6. Ndb5 d6 7. Bf4 e5
8. Bg5 a6 9. Na3 b5 10. Bxf6 gxf6 11. Nd5 Bg7 12. Bd3 Ne7 13. Nxe7 Qxe7 14.
c3 f5 15. O-O O-O 16. Nc2 Rb8 17. exf5 e4 18. Be2 Bxf5 19. Nb4 Ra8 20. Qd5
Qe6 21. Rad1 Be5 22. f4 exf3 23. Bxf3 Qh6 24. g3 Be6 25. Qd2 Qxd2 26. Rxd2
Ra7 27. Bd5 Bd7 28. Rdf2 Bh3 29. Re1 Re8 30. Rfe2 Kf8 31. Bg2 Bg4 32. Re3
f6 33. Kf2 Rc8 34. Bf3 Bd7 35. Nd5 a5 36. a3 Rc5 37. Rd3 Kf7 38. Red1 Be6
39. R1d2 Bxd5 40. Bxd5+ Kg7 41. Ke3 b4 42. c4 Rc8 43. a4 Kg6 44. g4 Re7 45.
Re2 Kg7 46. b3 h6 47. Be4 Rc5 48. Red2 Rec7 49. h3 Kf7 50. Bf5 R7c6 51. Ke4
Ke7 52. Rd5 Kd8 53. Be6 Ke7 54. Kf5 Rc7 55. Rxc5 dxc5 56. Re2 Kf8 57. h4
Rg7 58. Re3 Ke7 59. Bd5 Kd6 60. Bf3 Rg8 61. Re2 Rg7 62. Rd2+ Bd4 63. Re2
1/2-1/2

[Event "Young Stars of the World"]
[Site "Kirishi RUS"]
[Date "2005.05.14"]
[Round "1"]
[White "Lintchevski,D"]
[Black "Negi,P"]
[Result "1/2-1/2"]
[WhiteElo "2269"]
[BlackElo "2349"]
[EventDate "2005.05.14"]

1. e4 c5 2. Nf3 d6 3. d4 cxd4 4. Nxd4 Nf6 5. Nc3 a6 6. Bg5 e6 7. f4 Nbd7 8.
Qf3 Qc7 9. O-O-O b5 10. Bxb5 axb5 11. Ndxb5 Qb6 12. e5 Bb7 13. Qe2 h6 14.
Bh4 dxe5 15. fxe5 Nd5 16. Nxd5 Bxd5 17. Rxd5 exd5 18. Nd6+ Bxd6 19. exd6+
Kf8 20. Qe7+ Kg8 21. Qxd7 Rxa2 22. Qc8+ Kh7 23. Qf5+ Kg8 24. Qc8+ 1/2-1/2

[Event "Young Stars of the World"]
[Site "Kirishi RUS"]
[Date "2005.05.14"]
[Round "1"]
[White "Karjakin,Sergey"]
[Black "Lenic,L"]
[Result "1/2-1/2"]
[WhiteElo "2635"]
[BlackElo "2465"]
[EventDate "2005.05.14"]

1. e4 c5 2. Nf3 e6 3. d4 cxd4 4. Nxd4 a6 5. Bd3 Bc5 6. Nb3 Ba7 7. Qe2 Nc6
8. Be3 Nge7 9. f4 e5 10. f5 Bxe3 11. Qxe3 Nb4 12. O-O f6 13. c4 a5 14. Nc3
a4 15. Nd2 d6 16. Rad1 Bd7 17. Nf3 Qa5 18. a3 Nxd3 19. Rxd3 Qc5 20. Rfd1
O-O-O 21. Kf2 Bc6 22. g4 Kc7 23. Rc1 Kb8 24. h4 h6 25. g5 hxg5 26. hxg5
Qxe3+ 27. Rxe3 fxg5 28. Rg1 Rdf8 29. Rxg5 g6 30. fxg6 Rhg8 31. Rd3 Kc7 32.
g7 Rf7 33. c5 dxc5 34. Rxe5 b6 35. Rg5 Rgxg7 36. Rxg7 Rxg7 37. Ne5 Rh7 38.
Kg3 Rg7+ 39. Kf3 Ng6 40. Nxc6 Kxc6 41. Rd5 Rf7+ 42. Ke3 Rh7 43. Rf5 Rh3+
44. Kd2 Nh4 45. Rf6+ Kb7 46. Nxa4 Nf3+ 47. Ke3 Nd4+ 48. Kf4 Rf3+ 49. Ke5
Nc6+ 50. Ke6 Nd8+ 51. Ke7 Nc6+ 52. Kf7 Re3 53. Rf4 Ne5+ 54. Ke6 Nd3 55. Rh4
b5 56. Nc3 Nxb2 57. Nxb5 Kb6 58. Nd6 c4 59. e5 c3 60. Nc4+ Nxc4 61. Rxc4
Kb5 62. Rc8 1/2-1/2

[Event "Young Stars of the World"]
[Site "Kirishi RUS"]
[Date "2005.05.14"]
[Round "1"]
[White "Kuzubov,Y"]
[Black "Mamedov,Rau"]
[Result "1-0"]
[WhiteElo "2558"]
[BlackElo "2511"]
[EventDate "2005.05.14"]

1. d4 Nf6 2. c4 g6 3. Nc3 Bg7 4. e4 d6 5. Be2 O-O 6. Bg5 c5 7. d5 e6 8. Qd2
exd5 9. cxd5 Re8 10. f3 Qb6 11. a4 a6 12. Ra3 Qc7 13. a5 Nbd7 14. Nh3 Rb8
15. O-O h5 16. Nf2 Nh7 17. Be3 Ne5 18. h3 f5 19. f4 Nf7 20. Na4 Bd7 21. Nb6
Bb5 22. Bxb5 axb5 23. b4 c4 24. Bd4 h4 25. Bxg7 Kxg7 26. Qd4+ Kg8 27. exf5
gxf5 28. Re3 Rxe3 29. Qxe3 Nf8 30. Re1 Nh8 31. Nd1 Nhg6 32. Nc3 Qg7 33.
Nxb5 Qb2 34. Nxd6 Qxb4 35. Ndxc4 Rd8 36. Rd1 Qb5 37. Qd4 Ne6 38. Qf6 Ngxf4
39. Rf1 Rxd5 40. Nxd5 Qxd5 41. Rxf4 Qc5+ 42. Kh2 1-0

[Event "Young Stars of the World"]
[Site "Kirishi RUS"]
[Date "2005.05.14"]
[Round "1"]
[White "Nepomniachtchi,I"]
[Black "Zhigalko,S"]
[Result "0-1"]
[WhiteElo "2505"]
[BlackElo "2462"]
[EventDate "2005.05.14"]

1. e4 c5 2. Nf3 Nc6 3. d4 cxd4 4. Nxd4 Nf6 5. Nc3 e5 6. Ndb5 d6 7. Bg5 a6
8. Na3 b5 9. Nd5 Be7 10. Bxf6 Bxf6 11. c3 O-O 12. Nc2 Bg5 13. a4 bxa4 14.
Rxa4 a5 15. Bc4 Rb8 16. Ra2 Kh8 17. Nce3 Be6 18. Qa4 Bd7 19. Bb5 Nb4 20.
Bxd7 Nxa2 21. Nd1 Nc1 22. Bb5 f5 23. exf5 Qc8 24. h4 Bh6 25. g4 Qc5 26. Bc4
Rb4 27. Nxb4 Qxc4 28. Qc2 axb4 29. g5 b3 30. Qxc1 Qe4+ 31. Kd2 Qxh1 32.
gxh6 Rxf5 33. hxg7+ Kxg7 34. c4 Qxh4 35. Kc3 Rf3+ 36. Kb4 h6 37. Nc3 Qxf2
38. Kxb3 Rg3 39. Qd1 Rg2 40. Na4 Rg3+ 41. Nc3 Qb6+ 42. Ka3 Rg1 43. Qa4 Qb7
44. Ka2 Rg6 45. Qd1 Qb4 46. Qe2 h5 47. Nb5 h4 48. Qe4 h3 49. Qb7+ Kh6 50.
Qc8 h2 51. Qh3+ Kg7 52. Qd7+ Kf6 53. Qd8+ Kf5 54. Qc8+ Kg5 55. Qd8+ Kg4 56.
Qd7+ Kg3 57. Qc6 Qa4+ 58. Kb1 Qd1+ 0-1

[Event "Young Stars of the World"]
[Site "Kirishi RUS"]
[Date "2005.05.15"]
[Round "2"]
[White "Khairullin,I"]
[Black "Zhigalko,S"]
[Result "1-0"]
[WhiteElo "2517"]
[BlackElo "2462"]
[EventDate "2005.05.14"]

1. e4 c5 2. Nf3 Nc6 3. Bb5 Nf6 4. Nc3 Qc7 5. O-O Nd4 6. Re1 a6 7. e5 Nxb5
8. exf6 gxf6 9. Nd5 Qc6 10. c4 Nc7 11. Nxc7+ Qxc7 12. d4 e6 13. b3 d6 14.
Bb2 Bg7 15. dxc5 dxc5 16. Ng5 e5 17. Ne4 O-O 18. f4 b6 19. Qh5 Qd7 20. fxe5
fxe5 21. Bxe5 Qg4 22. Ng3 Be6 23. Qxg4 Bxg4 24. h3 Bxe5 25. Rxe5 Be6 26.
Nh5 Rfd8 27. Rf1 Rd2 28. Nf6+ Kg7 29. Rg5+ Kh6 30. h4 Rxa2 31. Ng4+ 1-0

[Event "Young Stars of the World"]
[Site "Kirishi RUS"]
[Date "2005.05.15"]
[Round "2"]
[White "Lenic,L"]
[Black "Kuzubov,Y"]
[Result "0-1"]
[WhiteElo "2465"]
[BlackElo "2558"]
[EventDate "2005.05.14"]

1. d4 Nf6 2. c4 e6 3. Nf3 Bb4+ 4. Nbd2 b6 5. a3 Bxd2+ 6. Bxd2 O-O 7. e3 Bb7
8. Bd3 Ne4 9. Qc2 f5 10. O-O Rf6 11. Ne1 Rh6 12. f4 d6 13. Nf3 Nd7 14. Ng5
Nxg5 15. fxg5 Rh4 16. d5 Qxg5 17. e4 f4 18. Rxf4 Rxf4 19. g3 e5 20. Kh1
Raf8 21. gxf4 exf4 22. Rg1 Qh5 23. Rf1 f3 24. Bc3 Bc8 25. Qf2 Ne5 26. Qg3
Rf6 27. Bxe5 dxe5 28. Rf2 Bg4 29. b4 Rg6 30. Bf1 h6 31. c5 bxc5 32. bxc5
Bf5 33. Qxe5 Qg5 34. Qg3 Qe3 35. Qh4 Rg4 0-1

[Event "Young Stars of the World"]
[Site "Kirishi RUS"]
[Date "2005.05.15"]
[Round "2"]
[White "Negi,P"]
[Black "Karjakin,Sergey"]
[Result "0-1"]
[WhiteElo "2349"]
[BlackElo "2635"]
[EventDate "2005.05.14"]

1. e4 e5 2. Nf3 Nc6 3. Bb5 Nf6 4. O-O Nxe4 5. d4 Nd6 6. Bxc6 dxc6 7. dxe5
Nf5 8. Qxd8+ Kxd8 9. Nc3 Ne7 10. Be3 Ng6 11. Rad1+ Ke8 12. h3 Be7 13. Ne2
h5 14. Rd2 h4 15. Nf4 Nxf4 16. Bxf4 c5 17. Ng5 Rh5 18. Ne4 Be6 19. Nc3 Rd8
20. Rfd1 Rxd2 21. Rxd2 Bd8 22. Bh2 Rg5 23. f4 Rg6 24. Kf2 f6 25. Nd5 fxe5
26. fxe5 Rg5 27. b3 c6 28. Ne3 Bc7 29. Bf4 Rh5 30. Ng4 c4 31. Be3 cxb3 32.
axb3 a5 33. c4 Rf5+ 34. Ke2 a4 35. bxa4 Bxc4+ 36. Kd1 Bb3+ 37. Kc1 Bxa4 38.
Rf2 Rxf2 39. Bxf2 Bd8 40. Ne3 Bb6 41. Kd2 Bd4 42. Ng4 Bxf2 43. Nxf2 Bb3 44.
Ng4 Bd5 45. Ne3 Kf7 46. Kd3 Ke6 47. Kd4 b6 0-1

[Event "Young Stars of the World"]
[Site "Kirishi RUS"]
[Date "2005.05.15"]
[Round "2"]
[White "Alekseev,Evgeny"]
[Black "Lintchevski,D"]
[Result "1/2-1/2"]
[WhiteElo "2597"]
[BlackElo "2269"]
[EventDate "2005.05.14"]

1. e4 c5 2. Nf3 e6 3. d4 cxd4 4. Nxd4 Nf6 5. Nc3 Nc6 6. Ndb5 Bb4 7. a3
Bxc3+ 8. Nxc3 d5 9. exd5 exd5 10. Bd3 O-O 11. O-O d4 12. Ne2 Bg4 13. Bg5
Qd6 14. Qd2 Bxe2 15. Qxe2 Rfe8 16. Qf3 Ne5 17. Qg3 Nh5 18. Qh3 Nxd3 19.
Qxd3 Nf4 20. Bxf4 Qxf4 21. Rfe1 g6 22. g3 Qf6 23. Rad1 Rxe1+ 24. Rxe1 Rc8
25. Qb3 Qf5 26. Re2 b6 27. Kg2 Kg7 28. Rd2 Rc6 29. Qf3 Qc5 30. Qe4 Rd6 31.
b4 Qc3 32. Qe5+ Kg8 33. Qxd6 Qxd2 34. Qc7 h5 35. h4 Kg7 36. Qe5+ Kg8 37.
Qe4 Kg7 38. b5 Qc3 39. a4 Qc4 40. Qe5+ 1/2-1/2

[Event "Young Stars of the World"]
[Site "Kirishi RUS"]
[Date "2005.05.16"]
[Round "3"]
[White "Lintchevski,D"]
[Black "Khairullin,I"]
[Result "1/2-1/2"]
[WhiteElo "2269"]
[BlackElo "2517"]
[EventDate "2005.05.14"]

1. e4 c5 2. Nf3 Nc6 3. Nc3 Nf6 4. Bb5 Qc7 5. O-O Nd4 6. Re1 a6 7. Bf1 Ng4
8. g3 Nxf3+ 9. Qxf3 Ne5 10. Qe2 e6 11. d3 d6 12. Bg2 Be7 13. Be3 b5 14. f4
Nc6 15. Qf2 Bb7 16. Ne2 O-O 17. c3 Rac8 18. g4 f5 19. exf5 exf5 20. g5 Kh8
21. Rad1 Na5 22. b3 Qd7 1/2-1/2

[Event "Young Stars of the World"]
[Site "Kirishi RUS"]
[Date "2005.05.16"]
[Round "3"]
[White "Karjakin,Sergey"]
[Black "Alekseev,Evgeny"]
[Result "0-1"]
[WhiteElo "2635"]
[BlackElo "2597"]
[EventDate "2005.05.14"]

1. e4 c5 2. Nf3 d6 3. d4 cxd4 4. Nxd4 Nf6 5. Nc3 a6 6. Be3 e5 7. Nb3 Be6 8.
f3 Nbd7 9. g4 Nb6 10. g5 Nh5 11. Qd2 Be7 12. O-O-O O-O 13. Kb1 Rc8 14. Rg1
g6 15. Qf2 Nc4 16. Bxc4 Rxc4 17. Rd3 b5 18. Nd5 Bxd5 19. exd5 Nf4 20. Bxf4
Rxf4 21. Qg3 Rf5 22. h4 f6 23. Qh3 fxg5 24. h5 gxh5 25. Qxh5 Qe8 26. Qh3
Qf7 27. Nd2 Kh8 28. a3 Bd8 29. Rh1 Qg6 30. Rc3 Rf4 31. Rc6 Rh4 32. Qg2 Qh6
33. Rd1 g4 34. Rg1 Rh2 35. Qxg4 Rxd2 36. Qd7 Rxd5 37. Rc8 Qf6 38. Ra8 Rd2
39. Ra7 Rh2 40. Rg7 Qh6 41. Rf7 Rg8 42. Ka2 Qg6 43. Qc6 Qe6+ 44. b3 Qg6 45.
Kb2 Bb6 0-1

[Event "Young Stars of the World"]
[Site "Kirishi RUS"]
[Date "2005.05.16"]
[Round "3"]
[White "Sjugirov,S"]
[Black "Lenic,L"]
[Result "1-0"]
[WhiteElo "2381"]
[BlackElo "2465"]
[EventDate "2005.05.14"]

1. e4 c5 2. Nf3 g6 3. d4 cxd4 4. Nxd4 Nf6 5. Nc3 Nc6 6. Be3 Bg7 7. Bc4 Qa5
8. O-O O-O 9. Nb3 Qd8 10. Be2 d6 11. f4 Be6 12. Bf3 Na5 13. Nxa5 Qxa5 14.
Qd2 Rfd8 15. Rad1 Rac8 16. Nd5 Qxd2 17. Rxd2 Bxd5 18. exd5 Nd7 19. c3 Nc5
20. Re1 Kf8 21. g4 b5 22. h4 a5 23. a3 Rc7 24. h5 Rb8 25. Bd4 b4 26. axb4
axb4 27. Bxg7+ Kxg7 28. Kg2 bxc3 29. bxc3 Rb3 30. Re3 Na4 31. g5 gxh5 32.
Bxh5 Rbxc3 33. Rxc3 Nxc3 34. Bf3 Rc4 35. Rd3 h6 36. gxh6+ Kxh6 37. Re3 Rc7
38. Kg3 Kg6 39. Re1 Kf6 40. Rh1 Rc5 41. Rh6+ Kg7 42. Rh5 Ra5 43. Rg5+ Kf6
44. Kg4 Nb5 45. Rf5+ Kg7 46. Rg5+ Kf8 47. Be4 Nd4 48. Bh7 f6 49. Rg8+ Kf7
50. Rb8 Ra1 51. Bb1 Ra4 52. Rb2 Ra8 53. Kg3 Ra3+ 54. Kg4 Rc3 55. Rb4 Rc1
56. Bd3 Nc2 57. Re4 Na1 58. Rb4 Rd1 59. Be4 Rd2 60. Kh3 Rd1 61. Kg4 Rc1 62.
Bf5 Rc7 63. Be6+ Kg7 64. Rb1 Nc2 65. Kh5 Nd4 66. Rg1+ Kh7 67. Bg8+ Kh8 68.
Bf7 Rc2 69. Kg6 Rh2 70. Be6 Rh7 71. Ra1 Rg7+ 72. Kh6 Nxe6 73. dxe6 Rg8 74.
Ra7 Re8 75. Kg6 Kg8 76. Rb7 Kf8 77. Kh7 Rc8 78. Rb1 Ke8 79. Rg1 Kd8 80. Kg7
Rc4 81. Kf7 Rxf4 82. Rg8+ Kc7 83. Kxe7 Rh4 84. Kf7 Rh7+ 85. Rg7 Rh8 86. Rg8
Rh7+ 87. Kg6 Rh2 88. e7 Re2 89. Kf7 1-0

[Event "Young Stars of the World"]
[Site "Kirishi RUS"]
[Date "2005.05.16"]
[Round "3"]
[White "Zhigalko,S"]
[Black "Andreikin,D"]
[Result "1-0"]
[WhiteElo "2462"]
[BlackElo "2495"]
[EventDate "2005.05.14"]

1. e4 c6 2. d4 d5 3. e5 Bf5 4. Nf3 e6 5. Be2 Nd7 6. O-O h6 7. Nbd2 Ne7 8.
Nb3 Bh7 9. h3 a6 10. c3 Rc8 11. a4 c5 12. Nxc5 Nxc5 13. dxc5 Rxc5 14. Be3
Rc8 15. a5 Nc6 16. Bb6 Qd7 17. b4 Nb8 18. Qd2 Be7 19. Bd1 O-O 20. Ba4 Nc6
21. Rfe1 Ra8 22. Nd4 Qc8 23. Bxc6 bxc6 24. Nb3 Re8 25. Bc5 Bd8 26. Nd4 f6
27. Bd6 Ra7 28. Nb3 f5 29. c4 dxc4 30. Nc5 f4 31. Qxf4 c3 32. Qc4 c2 33.
Ne4 c5 34. Qxc2 Qc6 35. Qxc5 Bxe4 36. Qxa7 Bxg2 37. Rac1 Qd5 38. Qc5 Bxh3
39. Qxd5 exd5 40. Red1 Bf5 41. Rxd5 Re6 42. Kh2 Bg5 43. Rc4 Rg6 44. Rdd4 h5
45. Rc3 h4 46. b5 axb5 47. a6 b4 48. Rxb4 Bd2 49. a7 Bxc3 50. a8=Q+ Kh7 51.
Rxh4+ 1-0

[Event "Young Stars of the World"]
[Site "Kirishi RUS"]
[Date "2005.05.17"]
[Round "4"]
[White "Mamedov,Rau"]
[Black "Zhigalko,S"]
[Result "1/2-1/2"]
[WhiteElo "2511"]
[BlackElo "2462"]
[EventDate "2005.05.14"]

1. e4 c5 2. Nf3 Nc6 3. Bb5 g6 4. O-O Bg7 5. Re1 Nf6 6. e5 Nd5 7. Nc3 Nc7 8.
Bxc6 dxc6 9. Ne4 b6 10. Nf6+ Kf8 11. Ne4 Bg4 12. Nc3 Ne6 13. h3 Bxf3 14.
Qxf3 Qc7 15. Nb5 Qd7 16. d3 Rd8 17. Nc3 Nd4 1/2-1/2

[Event "Young Stars of the World"]
[Site "Kirishi RUS"]
[Date "2005.05.17"]
[Round "4"]
[White "Lenic,L"]
[Black "Nepomniachtchi,I"]
[Result "1-0"]
[WhiteElo "2465"]
[BlackElo "2505"]
[EventDate "2005.05.14"]

1. d4 Nf6 2. c4 c5 3. d5 b5 4. cxb5 a6 5. bxa6 g6 6. Nc3 Bxa6 7. g3 d6 8.
Bg2 Nbd7 9. Nf3 Bg7 10. Qc2 Nb6 11. Nd2 Bb7 12. e4 Ba6 13. Bf1 Qc8 14. Bxa6
Qxa6 15. a4 O-O 16. Nb5 Rfc8 17. Ra3 Nfd7 18. Nb1 Ne5 19. O-O Nbc4 20. Ra2
Nf3+ 21. Kg2 Nd4 22. Qxc4 Nxb5 23. Be3 Nc7 24. Nd2 Rcb8 25. b3 Qc8 26. Rc2
Rb4 27. Qd3 Qb7 28. Rc4 Rb6 29. Kg1 Rf8 30. Rcc1 Na6 31. Qe2 Qd7 32. Kg2
Rfb8 33. Rfd1 Qa7 34. h4 Nc7 35. Kh2 Ne8 36. e5 Qa8 37. Bg5 Bf8 38. Bf4 Rb4
39. Qf3 Bg7 40. exd6 exd6 41. Rc4 R4b6 42. Bg5 h6 43. Be3 Qb7 44. Rf4 Qd7
45. Kg2 R6b7 46. Rc1 Be5 47. Rfc4 Bg7 48. R1c2 h5 49. Ra2 Nf6 50. a5 Ng4
51. Rca4 Ra7 52. Bf4 Ra6 53. Qd3 Qb5 54. Nc4 Bf8 55. R4a3 Re8 56. Re2 Nf6
57. Rxe8 Nxe8 58. Ra2 Nc7 59. Bd2 Ra8 60. Bc3 Qb7 61. Nb6 Re8 62. Re2 Rxe2
63. Qxe2 Qa6 64. Qxa6 Nxa6 65. Bf6 Nb4 66. Kf3 Bh6 67. Be7 Bg7 68. Bxd6 Bd4
69. Bc7 Kf8 70. d6 Nc6 71. a6 Be5 72. a7 1-0

[Event "Young Stars of the World"]
[Site "Kirishi RUS"]
[Date "2005.05.17"]
[Round "4"]
[White "Lintchevski,D"]
[Black "Karjakin,Sergey"]
[Result "0-1"]
[WhiteElo "2269"]
[BlackElo "2635"]
[EventDate "2005.05.14"]

1. e4 c5 2. Nf3 d6 3. d4 cxd4 4. Nxd4 Nf6 5. Nc3 a6 6. Bg5 Nbd7 7. f4 b5 8.
Bd3 Bb7 9. Qf3 e6 10. O-O-O Be7 11. g4 h6 12. Bh4 g5 13. fxg5 hxg5 14. Bxg5
Ne5 15. Qe2 Nfxg4 16. Bxe7 Qxe7 17. Rdg1 Nf6 18. Nf3 Nfd7 19. Nxe5 Nxe5 20.
Qf2 O-O-O 21. h4 Qc7 22. Kb1 Qc5 23. Qf6 Qe3 24. Nd1 Qf3 25. Qxf3 Nxf3 26.
Rg7 f5 27. h5 fxe4 28. Be2 e3 29. Kc1 Nd4 30. Re1 Nxe2+ 31. Rxe2 Rxh5 32.
Rxe3 e5 33. Rc3+ Kb8 34. Rcc7 Bf3 35. Kd2 Rg8 36. Ne3 Rxg7 37. Rxg7 d5 38.
c3 Rh2+ 39. Kc1 d4 40. cxd4 exd4 41. Rg8+ Kc7 42. Rg7+ Kb6 43. Nf5 d3 44.
Rg6+ Kc5 45. Rd6 d2+ 0-1

[Event "Young Stars of the World"]
[Site "Kirishi RUS"]
[Date "2005.05.18"]
[Round "5"]
[White "Karjakin,Sergey"]
[Black "Khairullin,I"]
[Result "1-0"]
[WhiteElo "2635"]
[BlackElo "2517"]
[EventDate "2005.05.14"]

1. e4 c5 2. Nf3 Nc6 3. d4 cxd4 4. Nxd4 Nf6 5. Nc3 e5 6. Ndb5 d6 7. Bg5 a6
8. Na3 b5 9. Nd5 Be7 10. Bxf6 Bxf6 11. c3 O-O 12. Nc2 Rb8 13. h4 Be6 14.
Nce3 Be7 15. g3 Qd7 16. Bd3 Bd8 17. O-O Ne7 18. Bc2 Bb6 19. Nxe7+ Qxe7 20.
Nd5 Qb7 21. Bb3 Bc5 22. Qf3 Kh8 23. Ne3 Bxe3 24. Qxe3 Qb6 25. Rad1 Kg8 26.
Qd3 Rfd8 27. Rd2 Qc5 28. Rfd1 Bc4 29. Qf3 Rb6 30. Qf5 h6 31. Kg2 Qc6 32.
Kh2 Qe8 33. Qf3 Qe6 34. Qe3 Rdb8 35. Bxc4 bxc4 36. Rd5 Qe7 37. a4 Qc7 38.
Kg2 Rc6 39. R1d2 Rb3 40. Qe2 Qb8 41. f4 exf4 42. gxf4 Qb7 43. a5 Rb5 44.
Rxb5 axb5 45. Rd5 Ra6 46. f5 Rxa5 47. f6 Qd7 48. fxg7 Qe6 49. h5 Kxg7 50.
Qf3 Ra7 51. Rxb5 Re7 52. Rf5 Qxe4 53. Rxf7+ Kg8 54. Rxe7 Qxe7 55. Qd5+ Qf7
56. Qxd6 Qxh5 57. Qd8+ Kg7 58. Qd4+ Kh7 59. Qxc4 Qg6+ 60. Kf3 Qf5+ 61. Ke3
Qh3+ 62. Kd2 Qh2+ 63. Qe2 Qf4+ 64. Kd3 Qg5 65. Qe4+ Kg7 66. Qd4+ Kh7 67.
Qd7+ Kh8 68. c4 h5 69. Qd4+ Kh7 70. c5 h4 71. b4 Qh5 72. Qe4+ Kg7 73. Qe7+
Kh6 74. Qe6+ Kh7 75. c6 Qf3+ 76. Kc4 h3 77. Qd7+ Kg6 78. c7 Qe2+ 79. Kc5
Qe3+ 80. Kb5 Qe2+ 81. Ka5 Qa2+ 82. Kb6 Qf2+ 83. Kb7 Qf3+ 84. Ka6 Qf6+ 85.
Ka5 Qa1+ 86. Kb6 Qf6+ 87. Kb7 Qf3+ 88. Kb8 Qg3 89. Qc6+ Kh5 90. Kb7 Qg7 91.
Qf3+ Kh4 92. Qf4+ Kh5 93. Kb8 1-0

[Event "Young Stars of the World"]
[Site "Kirishi RUS"]
[Date "2005.05.18"]
[Round "5"]
[White "Kuzubov,Y"]
[Black "Lintchevski,D"]
[Result "1-0"]
[WhiteElo "2558"]
[BlackElo "2269"]
[EventDate "2005.05.14"]

1. d4 d5 2. c4 c6 3. Nf3 Nf6 4. Nc3 dxc4 5. a4 Bf5 6. Ne5 e6 7. f3 Bb4 8.
g4 Bg6 9. h4 h5 10. g5 Nd5 11. Bd2 Ne7 12. e3 c5 13. dxc5 Nbc6 14. Nxg6
Nxg6 15. f4 Bxc5 16. Bxc4 Nge7 17. Ne4 Bb6 18. Qe2 Qc7 19. b4 a6 20. Rc1
Qd7 21. Bc3 Kf8 22. Rd1 Qc7 23. b5 axb5 24. axb5 Na5 25. Ba2 Nf5 26. Bb4+
Kg8 27. g6 Rh6 28. gxf7+ Qxf7 29. Ng5 Qe8 30. Rh3 Rd8 31. Rxd8 Bxd8 32. Qd3
Kh8 33. Qxd8 1-0

[Event "Young Stars of the World"]
[Site "Kirishi RUS"]
[Date "2005.05.18"]
[Round "5"]
[White "Nepomniachtchi,I"]
[Black "Negi,P"]
[Result "1-0"]
[WhiteElo "2505"]
[BlackElo "2349"]
[EventDate "2005.05.14"]

1. e4 c5 2. Nf3 e6 3. d3 d5 4. Nbd2 Nc6 5. g3 Bd6 6. Bg2 Nge7 7. O-O O-O 8.
Re1 b6 9. Nf1 Bc7 10. Ng5 h6 11. exd5 exd5 12. Nh3 Ng6 13. f4 Be6 14. Qh5
Nge7 15. g4 Bc8 16. Ne3 Qd6 17. Nxd5 Nxd5 18. Qxd5 Bd7 19. Qxd6 Bxd6 20. c3
Rae8 21. Be3 Re7 22. Nf2 Rfe8 23. Ne4 Bc7 24. h3 c4 25. Rad1 f5 26. gxf5
cxd3 27. Bd2 Bxf5 28. Ng3 Rxe1+ 29. Rxe1 Rxe1+ 30. Bxe1 Bd7 31. Bd2 g5 32.
Kf2 Bxf4 33. Bxf4 gxf4 34. Nh5 Ne5 35. Nxf4 Kg7 36. b3 a5 37. Ke3 a4 38.
Nxd3 Nxd3 39. Kxd3 axb3 40. axb3 Kf6 41. h4 Ke5 42. Bf3 b5 43. Ke3 Be6 44.
b4 Bd7 45. Be4 Be8 46. Bb1 Bc6 47. Bd3 Bd7 48. Kf3 Kd5 49. Kf4 Kd6 50. Bf5
Bc6 51. Bg4 Be8 52. Be2 Ke6 53. Bd3 Bc6 54. Bc2 Be8 55. Bb3+ Kf6 56. Ke4
Bh5 57. Kd4 Kf5 58. Kc5 Be2 59. Bf7 Kg4 60. h5 Kf5 61. Be8 Ke6 62. Bxb5
Bxh5 63. Bc6 Ke7 64. b5 Kd8 65. Kd6 Kc8 66. c4 Be2 67. c5 h5 68. b6 h4 69.
Bd5 h3 70. c6 1-0

[Event "Young Stars of the World"]
[Site "Kirishi RUS"]
[Date "2005.05.18"]
[Round "5"]
[White "Zhigalko,S"]
[Black "Lenic,L"]
[Result "1-0"]
[WhiteElo "2462"]
[BlackElo "2465"]
[EventDate "2005.05.14"]

1. e4 c5 2. Nf3 e6 3. c3 d5 4. e5 d4 5. Bd3 Nc6 6. O-O Nge7 7. Re1 Nd5 8.
Be4 Qd7 9. d3 Be7 10. c4 Nc7 11. h4 b6 12. Ng5 Bb7 13. Bf4 h6 14. Nf3 O-O-O
15. h5 Rdg8 16. Nbd2 f5 17. exf6 gxf6 18. Nf1 Ne8 19. Ng3 Bd6 20. Qd2 Rg4
21. Bxd6 Nxd6 22. Nh2 Rg5 23. Nf3 Rg4 24. Nh2 Rg7 25. Bf3 Nf7 26. Qf4 f5
27. Re2 Ng5 28. Rae1 Rhg8 29. Kf1 Nb4 30. Bxb7+ Qxb7 31. Rxe6 Nxe6 32. Rxe6
Qc7 33. Qxf5 Kb8 34. Nf3 Rf7 35. Qe4 Rf4 36. Qe2 Rff8 37. a3 Nc6 38. Rxh6
Re8 39. Re6 Qd7 40. Re4 Kb7 41. Ne5 Nxe5 42. Rxe5 Ka6 43. b3 Rxe5 44. Qxe5
Qg4 45. Qe1 Qf4 46. Kg1 Rg5 47. b4 Re5 48. b5+ Kb7 49. Qd1 Kc7 50. Ne4 Kd8
51. g3 Qh6 52. g4 Re8 53. g5 Qe6 54. Qf3 Qe5 55. h6 Ke7 56. Qf6+ Qxf6 57.
Nxf6 Ra8 58. f4 Ke6 59. h7 Kf7 60. f5 Kg7 61. Kf2 a6 62. bxa6 Rxa6 63. g6
Rxa3 64. Ne8+ Kh8 65. Nd6 1-0

[Event "Young Stars of the World"]
[Site "Kirishi RUS"]
[Date "2005.05.18"]
[Round "5"]
[White "Andreikin,D"]
[Black "Mamedov,Rau"]
[Result "1/2-1/2"]
[WhiteElo "2495"]
[BlackElo "2511"]
[EventDate "2005.05.14"]

1. e4 c5 2. Nf3 d6 3. d4 Nf6 4. Nc3 cxd4 5. Nxd4 g6 6. Be2 Bg7 7. Be3 Nc6
8. O-O O-O 9. Kh1 Bd7 10. f4 Nxd4 11. Bxd4 Bc6 12. Bf3 Re8 13. e5 dxe5 14.
fxe5 Bxf3 15. Rxf3 Ng4 16. e6 f5 17. Bxg7 Qxd1+ 18. Rxd1 Kxg7 19. Rd7 Ne5
20. Re3 Nxd7 21. exd7 Rf8 22. Rxe7+ Rf7 23. Re8 Rf8 24. Re7+ Rf7 25. Re8
Rf8 1/2-1/2

[Event "Young Stars of the World"]
[Site "Kirishi RUS"]
[Date "2005.05.19"]
[Round "6"]
[White "Khairullin,I"]
[Black "Mamedov,Rau"]
[Result "1/2-1/2"]
[WhiteElo "2517"]
[BlackElo "2511"]
[EventDate "2005.05.14"]

1. e4 c5 2. c3 d6 3. d4 Nf6 4. Bd3 cxd4 5. cxd4 g6 6. Nc3 Bg7 7. Nf3 O-O 8.
h3 Nc6 9. O-O e5 10. dxe5 dxe5 11. Bc4 Qc7 12. Bg5 h6 13. Bxf6 Bxf6 14. Nd5
Qd8 15. Qe2 Bg7 16. Rfd1 Kh7 17. Nb4 Nd4 18. Nxd4 exd4 19. Nd3 Qe7 20. Bd5
Be6 21. Bxe6 Qxe6 22. a3 Rfe8 23. Rac1 Rac8 24. Rxc8 Rxc8 25. Kf1 b6 26.
Rc1 Rxc1+ 27. Nxc1 f5 28. exf5 Qxf5 29. Nd3 h5 30. g4 hxg4 31. hxg4 Qd5 32.
Kg1 g5 33. f3 Kh6 34. Kg2 Qc4 35. Kf2 Bf6 36. Qe4 Qc2+ 37. Qe2 Qc4 38. Ne1
Qc1 39. Nd3 Qc4 40. Kg3 Qc7+ 41. Kh3 Qc4 42. Kg3 Qc7+ 43. Kh3 Qc4 44. Kg2
Kg7 45. Kf2 Kh6 46. Ke1 Kg7 47. Kd2 Qc7 48. Qe4 Qh2+ 49. Qe2 Qc7 50. Kd1
Qc4 51. Qe4 Qc8 52. Qd5 Qc7 53. Qf5 Qg3 54. Kc2 Qg2+ 55. Kb1 Qd2 56. f4 a5
57. Qd7+ Kg6 58. Ne5+ Bxe5 59. Qf5+ Kh6 60. Qxg5+ Kh7 61. Qxe5 d3 62. Qe7+
Kg8 63. Qd8+ Kf7 64. Qc7+ Kf8 65. Qc8+ Kf7 66. Qc4+ Kf8 67. Qc8+ Kf7 68.
Qf5+ Kg7 69. Ka2 Qe2 70. Qd7+ Kf8 71. Qc8+ Ke7 72. Qc7+ Ke8 73. Qc4 Qc2 74.
Qe4+ Kd8 75. a4 b5 76. Qd5+ Kc7 77. Qe5+ Kc8 78. Qe6+ Kc7 79. Qe5+ Kc8 80.
Qe6+ 1/2-1/2

[Event "Young Stars of the World"]
[Site "Kirishi RUS"]
[Date "2005.05.19"]
[Round "6"]
[White "Lenic,L"]
[Black "Andreikin,D"]
[Result "1/2-1/2"]
[WhiteElo "2465"]
[BlackElo "2495"]
[EventDate "2005.05.14"]

1. Nf3 Nf6 2. d4 e6 3. c4 b6 4. a3 Bb7 5. Nc3 Be7 6. d5 O-O 7. e4 d6 8. Be2
Re8 9. O-O Bf8 10. Bg5 Nbd7 11. Nd4 h6 12. Bh4 exd5 13. exd5 g6 14. f4 Bg7
15. Bf3 a6 16. Qc2 Qe7 17. Rae1 Qf8 18. Rd1 Nh7 19. b4 Ndf6 20. Bf2 h5 21.
h3 Bh6 22. Nce2 Bc8 23. f5 gxf5 24. Ng3 f4 25. Nxh5 Nxh5 26. Bxh5 Nf6 27.
Bf3 Re5 28. Rfe1 Bd7 29. Bh4 Nh7 30. Rxe5 dxe5 31. Ne6 Qc8 32. Qf5 Bg7 33.
Qc2 Rb8 34. Be4 Nf8 35. Nxg7 Kxg7 36. Qc3 f6 37. Rf1 Qd8 38. g3 Bxh3 39.
Rf2 Qd7 40. gxf4 Qg4+ 41. Qg3 Qxg3+ 42. Bxg3 f5 43. Bf3 e4 44. Kh2 exf3 45.
Kxh3 b5 46. Rxf3 bxc4 47. Rc3 Rb5 48. Rxc4 Rxd5 49. Rxc7+ Kg6 50. Rc6+ Kh5
51. Rxa6 Rd3 52. Rf6 Ne6 53. Rxf5+ Kg6 54. Ra5 Nxf4+ 55. Kg4 Nd5 56. Be5
Ne3+ 57. Kf4 Nc2 58. Ra6+ Kf7 59. b5 Nxa3 60. b6 Rb3 61. Kf5 Nc4 62. Ra7+
Ke8 63. b7 Nxe5 64. Ra8+ Kd7 65. b8=Q Rxb8 66. Rxb8 Nc6 67. Rb1 Kd6 68. Ke4
Kc5 69. Rc1+ Kd6 70. Rc2 Nb4 71. Rh2 Nc6 72. Rh5 Nb4 73. Rb5 Nc6 74. Rd5+
Ke6 75. Rd2 Ne7 76. Rh2 Kd6 77. Kd4 Nc6+ 78. Ke4 Ne7 79. Rh6+ Kc5 80. Rh7
Kd6 81. Rh8 Nc6 82. Rh6+ Kc5 83. Re6 Nb4 84. Rh6 Nc6 85. Kf5 Kd5 86. Rh8
Nd4+ 87. Kf6 Ke4 88. Rh5 Nf3 89. Ra5 Nd4 90. Re5+ Kf4 91. Re1 Nf3 92. Re2
Nd4 93. Re4+ Kxe4 1/2-1/2